Statistics for Most Hydroelectric dependent countries

Click here to take the quiz!

General Stats

  • This quiz has been taken 64 times
  • The average score is 6 of 23

Answer Stats

%Country% Correct
92.7Norway
71%
99.3Bhutan
48%
70.6Iceland
48%
92.5Nepal
47%
98.6Democratic Republic of the Congo
40%
87.9Republic of the Congo
40%
98.3Laos
36%
99.9Paraguay
34%
75.2Myanmar
29%
99.6Zambia
26%
88.2Ethiopia
24%
91Tajikistan
21%
98.2Burundi
19%
78.9Kyrgyzstan
19%
71.5Cameroon
17%
70.2Latvia
17%
89.8Mozambique
17%
100Lesotho
16%
99.3Malawi
14%
94.7Albania
12%
77.4Equatorial Guinea
10%
75.3Montenegro
7%
78.3Togo
7%

Score Distribution

Percentile by Number Answered

Percent of People with Each Score

Your Score History

You have not taken this quiz